| 000 | 01105cam a2200253 i 4500 | ||
|---|---|---|---|
| 003 | SA-RiAUC | ||
| 005 | 20250918073619.0 | ||
| 008 | 250902s1972 sy g 000 0bara c | ||
| 040 |
_aQA-DoQUL _bara _cSA-RiAUC _erda |
||
| 082 | 0 | 4 | _a922.584 |
| 090 |
_a922.584 _bب ي ط |
||
| 100 | 1 |
_aالبيطار، محمد بهجت، _d1894-1976 _eمؤلف. |
|
| 245 | 1 | 0 |
_aحياة شيخ الإسلام ابن تيمية تقي الدين أحمد بن عبد الحليم الحراني الدمشقي المتوفى 728 هـ / _cمحمد بهجت البيطار. |
| 250 | _aالطبعة الثانية. | ||
| 264 | 1 |
_aدمشق : _bالمكتب الإسلامي، _c1972. |
|
| 300 |
_a175 صفحة ؛ _c24 سم |
||
| 336 |
_aنص _btxt _2rdacontent _3كتاب |
||
| 337 |
_aبدون وسيط _bn _2rdamedia |
||
| 338 |
_aمجلد _bnc _2rdacarrier |
||
| 600 | 1 | 7 |
_aابن تيمية، أحمد بن عبد الحليم بن عبد السلام، _d661-728 هجري _2aucnm |
| 650 | 7 |
_aالفقهاء الحنابلة _vتراجم _2aucsh |
|
| 942 |
_2ddc _cBOOK _n0 |
||
| 949 |
_aSA-JeALM _d250902 _umohamedma123 _n1 |
||
| 999 |
_c11911 _d11911 |
||